Základní rysy a faktory vývoje ekonomiky České republiky v letech 1995 až 1997
Vývoj ekonomiky Českej republiky v rokoch 1995-1997. Vonkajšie a vnútorné podmienky. Odhady výkonu ekonomiky v rokoch 1995-1997, predpoklad ročného rastu HDP. Vývoj kapitálového trhu. Podmienky pre prílev zahraničných investícií. Vývoj v peňažnom sektore.
Salvato in:
| Autore principale: | |
|---|---|
| Natura: | Capitolo di libro |
| Lingua: | ceco |
| Soggetti: | |
| Tags: |
Nessun Tag, puoi essere il primo ad aggiungerne!!
|
MARC
| LEADER | 00000naa a2200000 4500 | ||
|---|---|---|---|
| 001 | r018650 | ||
| 005 | 20221205102421.1 | ||
| 041 | 0 | |a cze | |
| 044 | |a CZ | ||
| 245 | 1 | 0 | |a Základní rysy a faktory vývoje ekonomiky České republiky v letech 1995 až 1997 |c Slavoj Czesaný |
| 520 | |a Vývoj ekonomiky Českej republiky v rokoch 1995-1997. Vonkajšie a vnútorné podmienky. Odhady výkonu ekonomiky v rokoch 1995-1997, predpoklad ročného rastu HDP. Vývoj kapitálového trhu. Podmienky pre prílev zahraničných investícií. Vývoj v peňažnom sektore. | ||
| 610 | 2 | 0 | |a vývoj hospodársky |
| 610 | 2 | 0 | |a Česko |
| 610 | 2 | 0 | |a 1995-1997 |
| 610 | 2 | 0 | |a rast hospodársky |
| 610 | 2 | 0 | |a politika hospodárska |
| 610 | 2 | 0 | |a trh kapitálový |
| 610 | 2 | 0 | |a produkt domáci hrubý |
| 610 | 2 | 0 | |a investície zo zahraničia |
| 610 | 2 | 0 | |a peňažníctvo |
| 100 | 1 | |a Czesaný, Slavoj | |